Nové materiály a technologie : Sborník přednášek podzimního semináře : Konf. Ostrava
Na minha lista:
| Formato: | Livro |
|---|---|
| Idioma: | tcheco |
| Publicado em: |
Ostrava :
Vysoká škola báňská - Technická univerzita v Ostravě,
1991
|
| Assuntos: | |
| Tags: |
Sem tags, seja o primeiro a adicionar uma tag!
|
MARC
| LEADER | 00000nam a22000003a 4500 | ||
|---|---|---|---|
| 001 | stu39892 | ||
| 005 | 20150408180600.8 | ||
| 008 | 930317s1991----cs------------------cze-d | ||
| 040 | |a STU |b slo | ||
| 041 | 0 | |a cze | |
| 044 | |a cs | ||
| 080 | |a 620.18 |7 stu_us_auth*stu8135 | ||
| 080 | |a 620.22(082) | ||
| 245 | |a Nové materiály a technologie : |b Sborník přednášek podzimního semináře : Konf. Ostrava | ||
| 260 | |a Ostrava : |b Vysoká škola báňská - Technická univerzita v Ostravě, |c 1991 | ||
| 300 | |a 117 s | ||
| 650 | 7 | |a materiály nové |2 stusub | |
| 650 | 7 | |a zborníky |2 stusub | |
| 650 | 7 | |a technológia strojárska |2 stusub | |
| 996 | |b MZ 541 |c M*Z-541 |l MMKN |s A |a 24 |w stu39892_0001 | ||